| 000 | 05004nam a2200409 a 4500 | ||
|---|---|---|---|
| 001 | 47715 | ||
| 003 | BD-RjUL | ||
| 005 | 20211209054357.0 | ||
| 008 | 161221s2008 bg ||||| |||| 00| 0 ben d | ||
| 020 |
_a9843000008529 (V-1, Pt-1) _c: Tk. 1350.00 (V-1, Pt.1-2) |
||
| 020 |
_a9843000008529 (V-1, Pt-2) _c: Tk. 1350.00 (V-1, Pt.1-2) |
||
| 020 |
_a9843000008529 (V-2) _c: Tk. 1000.00 (V-2) |
||
| 020 |
_a9843000008529 (V-3) _c: Tk. 500.00 (V-3) |
||
| 020 |
_a9843000008529 (V-4) _c: Tk. 500.00 (V-4) |
||
| 020 |
_a9843000008529 (V-5) _c: Tk. 375.00 (V-5) |
||
| 020 |
_a9843000008529 (V-6) _c: Tk. 500.00 (V-6) |
||
| 020 |
_a9843000008529 (V-7) _c: Tk. 350.00 (V-7) |
||
| 035 | _a(BD-RjUL)47834 | ||
| 040 |
_aBD-RjUL _bben _cBD-RjUL |
||
| 041 | _aben | ||
| 082 |
_223 _a355.475492 _bBAB 2008 |
||
| 110 |
_aবাৎলাদেশ সেনাবাহিনী _bসেনাসদর, শিক্ষা পরিদপ্তর _9182806 |
||
| 245 | 1 | 0 |
_aবাংলাদেশের মুক্তিযুদ্ধ / _cবাৎলাদেশ সেনাবাহিনী । সেনাসদর, শিক্ষা পরিদপ্তর ; সম্পাদনায় : এরিয়া সদর দপ্তর চট্রগ্রাম ; এরিয়া সদর দপ্তর কুমিল্লা ; এরিয়া সদর দপ্তর সাভার (৬ স্বতন্ত্র এডিএ ব্রিগেড, ১৪ স্বতন্ত্র ইঞ্জিনিয়ার ব্রিগেড, ৪৬ স্বতন্ত্র পদাতিক ব্রিগেড) ; এরিয়া সদর দপ্তর ঘাটাইল ; এরিয়া সদর দপ্তর রংপুর ; এরিয়া সদর দপ্তর বগুড়া ; এরিয়া সদর দপ্তর যশোর |
| 260 |
_aঢাকা : _bএশিয়া পাবলিকেশনস, _c২০০৮ |
||
| 300 |
_a৭ খণ্ড : _bচিত্র ; _c২২ সেমি. |
||
| 505 | 0 | _aখণ্ড ১, পর্ব ১ [চট্রগ্রাম, খাগড়াছড়ি, রাঙ্গামাটি, বান্দরবান ও কক্সবাজার] -- খণ্ড ১ পর্ব ২ [চট্রগ্রাম, খাগড়াছড়ি, রাঙ্গামাটি, বান্দরবান ও কক্সবাজার] -- খণ্ড ২ [সিলেট, সুনামগঞ্জ, মৌলভীবাজার, হবিগঞ্জ, কুমিল্লা, ব্রাক্ষ্মণবাড়িয়া,চাঁদপুর, ফেনী, নোয়াখালি এবং লক্ষীপুর] -- খণ্ড ৩ [ঢাকা, মানিকগঞ্জ, গাজীপুর, নারায়ণগঞ্জ, মুন্সিগঞ্জ, নরসংদী] --খণ্ড ৪ [ময়মনসিংহ, টাঙ্গাইল, জামালপুর, শেরপুর. নেত্রকোনা ও কিশোরগঞ্জ -- খণ্ড ৫ [রংপুর, কুড়িগ্রাম, গাইবান্ধা, নীলফামারী, ঠাকুরগাঁও, পঞ্চগড়, লালমনিরহাট ও দিনাজপুর] -- খণ্ড ৬ [রাজশাহী, চাঁপাইনবাবগঞ্জ, নাটোর, নওগাঁ, জয়পুরহাট, সিরাজগঞ্জ, বগুড়া ও পাবনা] -- খণ্ড ৭ [বৃহত্তর যশোর, কুষ্টিয়া, কুলনা, ফরিদপুর ও বরিশাল জেলা] | |
| 650 |
_aমুক্তিযুদ্ধ _zবাংলাদেশ _xইতিহাস _9176068 |
||
| 650 |
_aLiberation War _zBangladesh _xHistory _9176069 |
||
| 710 |
_aএরিয়া সদর দপ্তর চট্রগ্রাম, সম্পাদক _9176071 |
||
| 710 |
_aএরিয়া সদর দপ্তর কুমিল্লা, সম্পাদক _9176072 |
||
| 710 |
_aএরিয়া সদর দপ্তর সাভার (৬ স্বতন্ত্র এডিএ ব্রিগেড, ১৪ স্বতন্ত্র ইঞ্জিনিয়ার ব্রিগেড, ৪৬ স্বতন্ত্র পদাতিক ব্রিগেড), সম্পাদক _9176073 |
||
| 710 |
_aএরিয়া সদর দপ্এরিয়া সদর দপ্তর ঘাটাইল, সম্পাদক _9176074 |
||
| 710 |
_aএরিয়া সদর দপ্তর রংপুর, সম্পাদক _9176075 |
||
| 710 |
_aএরিয়া সদর দপ্তর বগুড়া, সম্পাদক _9176076 |
||
| 710 |
_aএরিয়া সদর দপ্তর যশোর, সম্পাদক _9176077 |
||
| 942 |
_2ddc _cRAR |
||
| 999 |
_c47715 _d47715 |
||